All 5-Letter Words Starting with “Y” - Statistics

General Stats
  • This quiz has been taken 381 times
    253 since last reset
  • The average score is 24 of 112
Answer Stats
Word % Correct
years
81%
yells
81%
yours
79%
young
78%
yards
70%
youth
70%
yearn
68%
yummy
65%
yeast
63%
yolks
62%
yawns
61%
yacht
59%
yappy
57%
yangs
55%
yarns
55%
yanks
54%
yield
53%
yucky
53%
yacks
52%
yucks
52%
yikes
50%
yogas
49%
yogis
47%
yokes
47%
yodel
46%
yurts
46%
yetis
45%
yelps
44%
yuppy
43%
yeses
39%
yules
36%
yoked
34%
yeahs
32%
yokel
32%
yowls
30%
yores
29%
yawls
27%
yipes
26%
yolky
26%
youse
25%
yabby
22%
yahoo
19%
yonks
18%
yobbo
16%
yucca
16%
yobby
15%
yaffs
14%
yills
13%
yawed
12%
yomps
12%
yourn
11%
yeans
10%
yocks
10%
yeesh
9%
yenta
9%
yowie
9%
yages
8%
yogin
8%
yager
7%
yawps
7%
yerks
7%
yogic
7%
yonis
7%
yowed
7%
yukes
7%
yuzus
7%
yelks
6%
yowes
6%
yukky
6%
yente
5%
yerba
5%
yoghs
5%
yechs
4%
yetts
4%
yagis
3%
yarer
3%
yeggs
3%
yogee
3%
yowza
3%
yuans
3%
yuked
3%
yaups
2%
yechy
2%
yodle
2%
yonic
2%
yucas
2%
yaird
1%
yarak
1%
yauds
1%
yauld
1%
yawey
1%
yclad
1%
yecch
1%
yirds
1%
ylems
1%
yodhs
1%
yomim
1%
yoofs
1%
yugas
1%
yulan
1%
yamen
0%
yamun
0%
yapok
0%
yapon
0%
yeuks
0%
yeuky
0%
yince
0%
yirrs
0%
yirth
0%
yucch
0%
yupon
0%
yurta
0%
No matching quizzes found
Score Distribution
Percent of People with Each Score
Percentile by Number Answered
Your Score History
You have not taken this quiz since the last reset